Offshore
Αποθηκεύτηκε σε:
| Κύριος συγγραφέας: | |
|---|---|
| Μορφή: | Βιβλίο |
| Γλώσσα: | Greek |
| Δημοσίευση: |
Αθήνα :
Εκδόσεις Γαβριηλίδης,
2016.
|
| Θέματα: | |
| Ετικέτες: |
Προσθήκη ετικέτας
Δεν υπάρχουν, Καταχωρήστε ετικέτα πρώτοι!
|
MARC
| LEADER | 00000cam a2200000 a 4500 | ||
|---|---|---|---|
| 001 | 1/121667 | ||
| 008 | 200702t2016####gr | ||| |||| ||gre|| | ||
| 020 | |a 9789605765248 | ||
| 040 | |a GR-MyUa |b gre |c GR-MyUa |e AACR2 | ||
| 041 | 0 | |a gre | |
| 082 | 7 | |a 889.3 |2 (23) | |
| 100 | 1 | |a Μάρκαρης, Πέτρος, |d 1937- | |
| 245 | 1 | 0 | |a Offshore / |c Πέτρος Μάρκαρης. |
| 260 | |a Αθήνα : |b Εκδόσεις Γαβριηλίδης, |c 2016. | ||
| 300 | |a 299 σ. ; |c 21. εκ. | ||
| 650 | 0 | |a Greek fiction, Modern |y 21st century. | |
| 650 | 0 | |a Detective and mystery stories. | |
| 852 | |a INST |b SAMOS |e 20200702 |h 889.3 ΜΑΡ |p 005300046516 |q 005300046516 |t BK |y 0 | ||
| 920 | |a Τραγάκη |b Ζαφειρούλα |y Σάμος |z 2019-04 | ||
| 970 | |a Φιλιππή |b Φάλη |z 02-07-2020 | ||